Top 4 Plätze bei der Fußball-Europameisterschaft - Statistiken

Allgemein
  • Dieses Quiz wurde 426 mal gespielt
  • Das Durchschnittsergebnis liegt bei 58 aus 68
Antwortstatistiken
Jahr 1. Platz 2. Platz 3. Platz 3./4. Platz odp % Korrekt
1964 1 miejsce Spanien
99%
1984 2 miejsce Spanien
99%
2008 1 miejsce Spanien
99%
2012 1 miejsce Spanien
99%
2020 3 miejsce Spanien
99%
2024 1 miejsce Spanien
99%
1992 2 miejsce Deutschland
98%
1996 1 miejsce Deutschland
98%
2008 2 miejsce Deutschland
98%
2012 3 miejsce Deutschland
98%
2016 3 miejsce Deutschland
98%
1968 3 miejsce England
98%
1996 3 miejsce England
98%
2020 2 miejsce England
98%
2024 2 miejsce England
98%
1960 4 miejsce Frankreich
98%
1984 1 miejsce Frankreich
98%
1996 3 miejsce Frankreich
98%
2000 1 miejsce Frankreich
98%
2016 2 miejsce Frankreich
98%
2024 3 miejsce Frankreich
98%
1968 1 miejsce Italien
98%
1980 4 miejsce Italien
98%
1988 3 miejsce Italien
98%
2000 2 miejsce Italien
98%
2012 2 miejsce Italien
98%
2020 1 miejsce Italien
98%
1984 3 miejsce Portugal
98%
2000 3 miejsce Portugal
98%
2004 2 miejsce Portugal
98%
2012 3 miejsce Portugal
98%
2016 1 miejsce Portugal
98%
1976 3 miejsce Niederlande
97%
1988 1 miejsce Niederlande
97%
1992 3 miejsce Niederlande
97%
2000 3 miejsce Niederlande
97%
2004 3 miejsce Niederlande
97%
2024 3 miejsce Niederlande
97%
2004 1 miejsce Griechenland
95%
1964 4 miejsce Dänemark
94%
1984 3 miejsce Dänemark
94%
1992 1 miejsce Dänemark
94%
2020 3 miejsce Dänemark
94%
1972 3 miejsce Belgien
93%
1980 2 miejsce Belgien
93%
1992 3 miejsce Schweden
90%
2008 3 miejsce Russland
88%
2008 3 miejsce Türkei
84%
1996 2 miejsce Tschechien
81%
2004 3 miejsce Tschechien
81%
1964 3 miejsce Ungarn
77%
1972 4 miejsce Ungarn
77%
1960 2 miejsce Jugoslawien
73%
1968 2 miejsce Jugoslawien
73%
1976 4 miejsce Jugoslawien
73%
2016 3 miejsce Wales
66%
1960 3 miejsce Tschechoslowakei
60%
1976 1 miejsce Tschechoslowakei
60%
1980 3 miejsce Tschechoslowakei
60%
1960 1 miejsce f f f UdSSR
58%
1964 2 miejsce UdSSR
58%
1968 4 miejsce UdSSR
58%
1972 2 miejsce UdSSR
58%
1988 2 miejsce UdSSR
58%
1972 1 miejsce Westdeutschland
28%
1976 2 miejsce Westdeutschland
28%
1980 1 miejsce Westdeutschland
28%
1988 3 miejsce Westdeutschland
28%
Keine übereinstimmenden Quizze gefunden
Verteilung der Resultate
Anzahl Personen mit jedem Resultat
Perzentil nach korrekt beantworteten Fragen
Ihre Resultats-Entwicklung
Sie haben dieses Quiz noch nicht gespielt